[Event "Minsk op"]
[Site "Minsk"]
[Date "2023.11.06"]
[Round "4"]
[White "Vahura, Kira"]
[Black "Doktarau, Kiryl"]
[Result "1-0"]
[WhiteElo "1212"]
[BlackElo "1800"]
[PlyCount "107"]
[EventDate "2023.11.03"]
[EventType "swiss"]
[EventRounds "9"]
[EventCountry "BLR"]
[SourceTitle "CBM 217 Extra"]
[Source "ChessBase"]
[SourceDate "2024.01.31"]
[SourceVersion "1"]
[SourceVersionDate "2024.01.31"]
[SourceQuality "1"]

1. e4 e5 2. Nf3 d6 3. d4 exd4 4. Nxd4 Nf6 5. Nc3 Bd7 6. Bc4 Nc6 7. 0-0 Be7 8. Bf4 Nxd4 9. Qxd4 0-0 10. Rad1 Bc6 11. e5 dxe5 12. Qxe5 Bd6 13. Qg5 Bxf4 14. Qxf4 Qc8 15. Rfe1 Qg4 16. Qxg4 Nxg4 17. Re7 Rac8 18. Bb5 Rfe8 19. Rxe8+ Bxe8 20. Bxe8 Rxe8 21. Nb5 c6 22. Nxa7 Nf6 23. Kf1 Kf8 24. Rd3 Ke7 25. Rb3 b5 26. Nxc6+ Kd7 27. Nd4 Ra8 28. a3 Rb8 29. Nxb5 Ne4 30. Rd3+ Ke6 31. Re3 Kf5 32. Nd4+ Kf4 33. g3+ Nxg3+ 34. hxg3+ Kg4 35. Rb3 Rd8 36. Rb4 Kg5 37. a4 Ra8 38. Rb5+ Kg6 39. a5 h5 40. Rb6+ f6 41. a6 Kh6 42. Nc6 Re8 43. Rb8 Re6 44. a7 h4 45. a8Q hxg3 46. Rh8+ Kg6 47. fxg3 f5 48. Nd4 Rd6 49. Qe8+ Kf6 50. Rf8+ Kg5 51. Qe7+ Kg4 52. Qxg7+ Kh3 53. Rh8+ Rh6 54. Rxh6# 1-0

[Event "Minsk op"]
[Site "Minsk"]
[Date "2023.11.05"]
[Round "3"]
[White "Doktarau, Kiryl"]
[Black "Siarkou, Aliaksandr"]
[Result "0-1"]
[WhiteElo "1800"]
[BlackElo "1272"]
[PlyCount "98"]
[EventDate "2023.11.03"]
[EventType "swiss"]
[EventRounds "9"]
[EventCountry "BLR"]
[SourceTitle "CBM 217 Extra"]
[Source "ChessBase"]
[SourceDate "2024.01.31"]
[SourceVersion "1"]
[SourceVersionDate "2024.01.31"]
[SourceQuality "1"]

1. d4 d5 2. Bf4 c5 3. c3 e6 4. Nf3 Nf6 5. e3 Nc6 6. Bd3 Nh5 7. Be5 c4 8. Be2 Nxe5 9. Nxe5 Nf6 10. Qa4+ Bd7 11. Nxd7 Nxd7 12. Nd2 a6 13. Nf3 Bd6 14. Qc2 f5 15. g3 0-0 16. h4 b5 17. Ng5 Qf6 18. 0-0-0 h6 19. Nf3 a5 20. Nh2 b4 21. Kd2 e5 22. dxe5 Qxe5 23. Nf3 Qe4 24. Rhf1 Nc5 25. Qxe4 fxe4 26. Nd4 Nd3 27. Bxd3 cxd3 28. Ke1 Rac8 29. Kd2 Be5 30. Rc1 Bxd4 31. exd4 bxc3+ 32. Rxc3 Rxc3 33. bxc3 Rb8 34. Kc1 a4 35. Rd1 a3 36. g4 Kf7 37. Kd2 Rb2+ 38. Ke3 Rxa2 39. f3 Re2+ 40. Kf4 a2 41. fxe4 dxe4 42. d5 d2 43. c4 Re1 44. Rxd2 a1Q 45. Rc2 Qf6+ 46. Kg3 Re3+ 47. Kg2 Qf3+ 48. Kg1 Qg3+ 49. Rg2 Re1# 0-1